Statistics for Kongerækken

Click here to take the quiz!

General Stats

  • This quiz has been taken 260 times
  • The average score is 37 of 54

Answer Stats

MonarkRegeringstid% Correct
Harald 1. Blåtand958 - 987
96%
Gorm den Gamle? - 958
94%
Christian 1.1448 - 1481
92%
Christian 2.1513 - 1523
92%
Christian 4.1588 - 1648
92%
Christian 5.1670 - 1699
92%
Frederik 1.1523 - 1533
91%
Frederik 2.1559 - 1588
91%
Frederik 3.1648 - 1670
91%
Christian 6.1730 - 1746
91%
Frederik 5.1746 - 1766
91%
Christian 8.1839 - 1848
91%
Frederik 7.1848 - 1863
91%
Christian 7.1766 - 1808
90%
Frederik 6.1808 - 1839 (Kron-
prinsregent fra 1784)
90%
Frederik 4.1699 - 1730
89%
Christian 9.1863 - 1906
89%
Christian 3.1534 - 1559
89%
Christian 10.1912 - 1947
89%
Frederik 9.1947 - 1972
89%
Frederik 8.1906 - 1912
87%
Margrete 1.1387 - 1412
85%
Margrethe 2.1972 - nu
84%
Svend 1. Tveskæg987 - 1014
72%
Valdemar 4. Atterdag1340 - 1375
72%
Valdemar 1. den Store1154 - 1182
(omstridt indtil 1157)
72%
Valdemar 2. Sejr1202 - 1241
70%
Knud 2. den Store1018 - 1035
66%
Erik 7. af Pommern1412 - 1439
65%
Erik 1. Ejegod1095 - 1103
64%
Erik 2. Emune1134 - 1137
63%
Svend 2. Estridsen1047 - 1076
62%
Erik 5. Klipping1259 - 1286
61%
Erik 4. Plovpenning1241 - 1250
61%
Erik 6. Menved1286 - 1319
60%
Erik 3. Lam1137 - 1146
59%
Harald 2.1014 - 1018
58%
Valdemar 3.1326 - 1329
57%
Svend 3. Grathe1146 - 1157
(omstridt)
56%
Harald 3. Hen1076 - 1080
56%
Knud 4. den Hellige1080 - 1086
55%
Hans1481 - 1513
53%
Knud 3. Hardeknud1035 - 1042
51%
Knud 6.1182 - 1202
43%
Knud 5.1146 - 1157
(omstridt)
41%
Christoffer 2. uden Land1320 - 1326
(første gang) | 1329 - 1332
(anden gang)
38%
Niels1104 - 1134
37%
Christoffer 1.1252 - 1259
37%
Christoffer 3. af Bayern1440 - 1448
34%
Abel1250 - 1252
33%
Magnus den Gode1042 - 1047
31%
Oluf 1. Hunger1086 - 1095
29%
Oluf 2.1375 - 1387
26%

Score Distribution

Percentile by Number Answered

Percent of People with Each Score

Your Score History

You have not taken this quiz